00666nam a2200193Ia 4500001001000000003000500010008004100015010001100056040000900067100003700076245008800113260003400201300001000235502010600245650001200351650002400363650003500387710005000422Para_8824CHAP220125s2003 xx 000 0 und d a207587 cCHAP aPérez Vázquez, Nestor Daniel aÁcaros depredadores de plagas agrícolas /c por Nestor Daniel Pérez Vázquez aChapingo, Méx. :b el autor a81 h. aTesis (Ing. Agr. Esp. en Parasitología Agrícola) -- UACh. Departamento Parasitología Agrícola aAcaros  aAcaros depredadores aControl biológico de plagas  aUACh. Departamento Parasitología Agrícola